000 00338 a2200145 4500
001 73907
020 _a850203269-0
040 _cAnchieta - Colégio São Paulo
240 1 0 _aMinidicionário Saraiva
_lpor
245 1 0 _aMinidicionário Saraiva
300 _a315
362 0 _a2005
650 4 _aObras enciclopédicas gerais
942 _cBK
999 _c73907
_d73907